[Event "World Amateur-ch U2300"]
[Site "Cagliari"]
[Date "2018.04.27"]
[Round "7"]
[White "Locci, Damiano"]
[Black "Ehab, Mohamed"]
[Result "1-0"]
[WhiteElo "2165"]
[BlackElo "2002"]
[PlyCount "89"]
[EventDate "2018.04.22"]
[EventType "swiss"]
[EventRounds "9"]
[EventCountry "ITA"]
[SourceTitle "CBM 184 Extra"]
[Source "ChessBase"]
[SourceDate "2018.06.28"]
[SourceVersion "1"]
[SourceVersionDate "2018.06.28"]
[SourceQuality "1"]

1. e4 c5 2. Nf3 e6 3. g3 Nc6 4. Bg2 Nf6 5. Qe2 d5 6. d3 Be7 7. 0-0 dxe4 8. dxe4 e5 9. c3 0-0 10. h3 Qc7 11. Re1 Rd8 12. Nbd2 b6 13. Nf1 a5 14. Bg5 Ba6 15. Qe3 h6 16. Bxf6 Bxf6 17. Qc1 Bd3 18. N3h2 Bg5 19. Ne3 h5 20. Qd1 Bxe3 21. Rxe3 Bxe4 22. Qxh5 Bxg2 23. Kxg2 Rf8 24. Nf3 f6 25. Nh4 Ne7 26. Kh2 f5 27. Nf3 e4 28. Ng5 Rf6 29. Qh7+ Kf8 30. Qh8+ Ng8 31. Nh7+ Kf7 32. Nxf6 Kxf6 33. Qh5 Rd8 34. Rd1 Rxd1 35. Qxd1 Nh6 36. Re2 Nf7 37. Qd5 Ne5 38. Kg2 Nf3 39. h4 g5 40. hxg5+ Kxg5 41. Rxe4 Qh7 42. Qd8+ Kg6 43. Re6+ Kh5 44. Qd1 Qb7 45. Qxf3+ 1-0

[Event "World Amateur-ch U2300"]
[Site "Cagliari"]
[Date "2018.04.23"]
[Round "3"]
[White "Al Hajiri, Bader"]
[Black "Ehab, Mohamed"]
[Result "0-1"]
[WhiteElo "2131"]
[BlackElo "2002"]
[PlyCount "60"]
[EventDate "2018.04.22"]
[EventType "swiss"]
[EventRounds "9"]
[EventCountry "ITA"]
[SourceTitle "CBM 184 Extra"]
[Source "ChessBase"]
[SourceDate "2018.06.28"]
[SourceVersion "1"]
[SourceVersionDate "2018.06.28"]
[SourceQuality "1"]

1. e4 d6 2. d4 Nf6 3. Nc3 e5 4. Nf3 Nbd7 5. Bc4 Be7 6. Be3 c6 7. Bb3 0-0 8. h3 b5 9. a3 a5 10. d5 c5 11. Nd2 c4 12. Ba2 b4 13. axb4 axb4 14. Ne2 Ba6 15. Ng3 c3 16. bxc3 bxc3 17. Nb3 Bb5 18. Nf5 g6 19. Nxe7+ Qxe7 20. Bg5 Ra4 21. Qf3 Rfa8 22. Nc1 h6 23. Bxh6 Rxe4+ 24. Be3 Bc4 25. g4 Nc5 26. Kd1 Qb7 27. Bxc5 Qxd5+ 28. Qd3 Rd4 29. Bxd4 Qxh1+ 30. Ke2 Bxd3+ 0-1

[Event "Canadian op U2200"]
[Site "Sault Ste Marie"]
[Date "2017.07.12"]
[Round "4"]
[White "Ehab, Mohamed"]
[Black "Aird, Ian"]
[Result "1-0"]
[WhiteElo "2057"]
[BlackElo "1978"]
[PlyCount "78"]
[EventDate "2017.07.11"]
[EventType "swiss"]
[EventRounds "9"]
[EventCountry "CAN"]
[SourceTitle "EXT 2022"]
[Source "ChessBase"]
[SourceDate "2021.10.06"]
[SourceVersion "1"]
[SourceVersionDate "2021.10.06"]
[SourceQuality "1"]

1. e4 e5 2. Nf3 Nc6 3. d4 exd4 4. Bc4 Bc5 5. c3 Qf6 6. 0-0 d6 7. cxd4 Nxd4 8. Nxd4 Qxd4 9. Qb3 Qf6 10. e5 Qg6 11. Re1 Ne7 12. Nc3 0-0 13. Ne4 Nc6 14. Bd3 Bf5 15. Nxc5 dxc5 16. Bxf5 Qxf5 17. Qxb7 Nxe5 18. Qxc7 Nd3 19. Rf1 Rfe8 20. Be3 Nxb2 21. Qxc5 Qxc5 22. Bxc5 a5 23. Rab1 Rab8 24. Bd6 Rb7 25. Rfc1 Rd7 26. Bg3 Nd3 27. Rd1 Nc5 28. Rxd7 Nxd7 29. Kf1 g6 30. Rb5 a4 31. Rb4 Nc5 32. Rb8 Rxb8 33. Bxb8 f5 34. Ke2 Kf7 35. Ba7 Ne4 36. Kd3 Nd6 37. Bb8 Ne4 38. f3 Nc5+ 39. Kc4 Nd7 1-0

[Event "World Amateur-ch U2300"]
[Site "Spoleto"]
[Date "2017.04.02"]
[Round "2"]
[White "Skreno, Vladimir"]
[Black "Ehab, Mohamed"]
[Result "1-0"]
[WhiteElo "2223"]
[BlackElo "2024"]
[PlyCount "151"]
[EventDate "2017.04.01"]
[EventType "swiss"]
[EventRounds "9"]
[EventCountry "ITA"]
[SourceTitle "CBM 177 Extra"]
[Source "ChessBase"]
[SourceDate "2017.04.27"]
[SourceVersion "1"]
[SourceVersionDate "2017.04.27"]
[SourceQuality "1"]

1. d4 Nf6 2. Nf3 e6 3. Bg5 c5 4. c3 b6 5. Nbd2 Bb7 6. e3 Be7 7. Bd3 cxd4 8. exd4 0-0 9. Qe2 d6 10. 0-0 Nbd7 11. h3 Re8 12. Rad1 Nd5 13. Bxe7 Qxe7 14. g3 Nf8 15. Rfe1 a6 16. a3 Nf6 17. Qf1 Ng6 18. Re3 Nd5 19. Ree1 b5 20. Be4 Nf6 21. Bxb7 Qxb7 22. Qd3 Rac8 23. Ng5 Qd5 24. Nge4 Nxe4 25. Qxe4 Ne7 26. f4 Qh5 27. Kg2 d5 28. Qd3 Qf5 29. Nb3 Qxd3 30. Rxd3 Nf5 31. Nc5 a5 32. g4 Nd6 33. Rde3 Red8 34. R3e2 Kf8 35. Kf3 Rb8 36. Ke3 Nb7 37. Nd3 Nd6 38. Kf3 Ne4 39. f5 exf5 40. gxf5 Rd6 41. Nc5 b4 42. axb4 axb4 43. Nxe4 dxe4+ 44. Kxe4 Rc8 45. Kd3 bxc3 46. bxc3 Rdc6 47. Rc1 Rf6 48. Re5 Rh6 49. Re3 Rf6 50. Rf1 g6 51. Re5 Rfc6 52. Rc1 Kg7 53. fxg6 hxg6 54. c4 Rh8 55. Re3 f5 56. d5 Ra6 57. Kd4 Kf6 58. Rce1 Rh4+ 59. Kc5 Ra5+ 60. Kb6 Ra4 61. c5 Rhb4+ 62. Kc7 Ra7+ 63. Kd6 f4 64. Re6+ Kf7 65. Rg1 f3 66. Rgxg6 Rf4 67. Rg1 Ra2 68. c6 f2 69. Rf1 Rc4 70. Re3 Rf4 71. c7 Rc2 72. Kd7 Rfc4 73. d6 Rc6 74. Rxf2+ Rxf2 75. Kxc6 Rc2+ 76. Kd7 1-0

[Event "Voronezh op-A 19th"]
[Site "Voronezh"]
[Date "2015.06.19"]
[Round "8"]
[White "Ehab, Mohamed"]
[Black "Travkina, Anastasia"]
[Result "0-1"]
[WhiteElo "2002"]
[BlackElo "2232"]
[PlyCount "76"]
[EventDate "2015.06.12"]
[EventType "swiss"]
[EventRounds "9"]
[EventCountry "RUS"]
[SourceTitle "CBM 167 Extra"]
[Source "ChessBase"]
[SourceDate "2015.09.14"]
[SourceVersion "1"]
[SourceVersionDate "2015.09.14"]
[SourceQuality "1"]

1. e4 c5 2. Nf3 d6 3. d4 cxd4 4. Qxd4 Nc6 5. Bb5 Bd7 6. Bxc6 Bxc6 7. Nc3 h6 8. Qd3 e5 9. 0-0 Nf6 10. Nd2 Qd7 11. Nc4 Rd8 12. Ne3 b5 13. Ncd5 Be7 14. Rd1 Qb7 15. Nxf6+ Bxf6 16. Nd5 Be7 17. Be3 0-0 18. a4 bxa4 19. b3 Rc8 20. bxa4 Bg5 21. Bxg5 hxg5 22. Rdb1 Qd7 23. c4 Bxd5 24. cxd5 Rc5 25. Qd2 Rc4 26. Rb4 Rfc8 27. Rab1 a5 28. Rxc4 Rxc4 29. Rb8+ Kh7 30. h3 Kg6 31. Qxa5 Rxe4 32. Qd8 Re1+ 33. Kh2 Qf5 34. Qxd6+ f6 35. Rb3 Qf4+ 36. Rg3 Qxf2 37. Rf3 Qg1+ 38. Kg3 Re2 0-1

[Event "Alexandria Smouha 2nd"]
[Site "Alexandria"]
[Date "2011.07.13"]
[Round "2"]
[White "Fekry, Remon"]
[Black "Ehab, Mohamed"]
[Result "1/2-1/2"]
[WhiteElo "2168"]
[BlackElo "1963"]
[PlyCount "58"]
[EventDate "2011.07.13"]
[EventType "swiss"]
[EventRounds "9"]
[EventCountry "EGY"]
[SourceTitle "EXT 2019"]
[Source "ChessBase"]
[SourceDate "2018.10.10"]
[SourceVersion "1"]
[SourceVersionDate "2018.10.10"]
[SourceQuality "1"]

1. e4 e6 2. d4 d5 3. e5 c5 4. c3 Nc6 5. Nf3 Qb6 6. Bd3 Bd7 7. 0-0 cxd4 8. cxd4 Nxd4 9. Nxd4 Qxd4 10. Nc3 a6 11. Qe2 Qb6 12. Kh1 Ne7 13. f4 g6 14. Be3 Qd8 15. Qf2 Bc6 16. Bb6 Qd7 17. b4 d4 18. Ne4 Bxe4 19. Bxe4 Nd5 20. Bxd4 Bxb4 21. Rab1 Be7 22. g4 0-0 23. f5 Rfd8 24. fxg6 fxg6 25. Qf7+ Kh8 26. Bxg6 hxg6 27. Qxg6 Rf8 28. Qh6+ Kg8 29. Qg6+ Kh8 1/2-1/2

[Event "Dos Hermanas Internet qual-A 10th"]
[Site "ICC INT"]
[Date "2009.03.13"]
[Round "5"]
[White "Ehab, Mohamed"]
[Black "Cubas, Jose Fernando"]
[Result "1-0"]
[WhiteElo "1886"]
[BlackElo "2438"]
[PlyCount "183"]
[EventDate "2009.03.13"]
[EventType "swiss (blitz)"]
[EventRounds "12"]
[EventCountry "ESP"]
[SourceTitle "CBM 129 Extra"]
[Source "ChessBase"]
[SourceDate "2009.05.05"]
[SourceVersion "2"]
[SourceVersionDate "2009.05.20"]
[SourceQuality "1"]

1. d4 d5 2. c4 Nc6 3. Nf3 Bg4 4. e3 e6 5. Nc3 Nf6 6. Qb3 Bb4 7. a3 Bxc3+ 8. bxc3 Bxf3 9. gxf3 Rb8 10. Bd3 0-0 11. a4 Na5 12. Qa2 Nxc4 13. Bxc4 dxc4 14. Qxc4 Re8 15. e4 e5 16. d5 Nh5 17. Be3 a6 18. Ke2 Qd7 19. Rag1 Kh8 20. Rg5 g6 21. Rhg1 f6 22. R5g2 Rg8 23. Qb3 b5 24. a5 c6 25. Rd1 Rbd8 26. Rgg1 Qf7 27. c4 bxc4 28. Qxc4 cxd5 29. Rxd5 Qb7 30. Rgd1 Rc8 31. Rc5 Rxc5 32. Qxc5 Rc8 33. Qb6 Qf7 34. Rd8+ Rxd8 35. Qxd8+ Kg7 36. Qd3 f5 37. Qxa6 fxe4 38. fxe4 Nf6 39. Qd3 Qa2+ 40. Bd2 Nh5 41. Kd1 Qa1+ 42. Kc2 Qa2+ 43. Kc1 Qa1+ 44. Kc2 Nf6 45. a6 g5 46. Bxg5 Qa4+ 47. Kb1 Nxe4 48. Be3 Qb4+ 49. Ka1 Nc3 50. Qd7+ Kg6 51. Qg4+ Kf7 52. Qf5+ Ke7 53. Qxe5+ Kd7 54. Qg7+ Kc6 55. Qf6+ Kb5 56. Qe5+ Ka4 57. Qd4 Qxd4 58. Bxd4 Nb5 59. a7 Nxa7 60. Bxa7 Kb5 61. Bb8 Kc4 62. Bf4 Kd5 63. Be3 Ke4 64. Kb2 Kf3 65. Kc2 Kg2 66. Kd3 Kh3 67. Ke4 Kxh2 68. Kf5 Kg2 69. Kg5 Kf3 70. Kh6 Ke4 71. Kxh7 Kf3 72. Kg6 Ke4 73. Kg5 Ke5 74. f4+ Ke6 75. f5+ Kf7 76. f6 Kf8 77. Bd4 Kg8 78. Kf5 Kf7 79. Bc5 Ke8 80. Ke5 Kd7 81. Kf5 Kc6 82. Kg6 Kd5 83. f7 Kc4 84. f8Q Kd3 85. Qc8 Kc4 86. Bd6+ Kd3 87. Qc5 Ke4 88. Qd5+ Ke3 89. Qd4+ Ke2 90. Be5 Kf1 91. Qc3 Kf2 92. Qd2+ 1-0

[Event "Dos Hermanas Internet qual-A 10th"]
[Site "ICC INT"]
[Date "2009.03.13"]
[Round "10"]
[White "Ehab, Mohamed"]
[Black "Manotas, S Franklin"]
[Result "1/2-1/2"]
[WhiteElo "1886"]
[BlackElo "2002"]
[PlyCount "150"]
[EventDate "2009.03.13"]
[EventType "swiss (blitz)"]
[EventRounds "12"]
[EventCountry "ESP"]
[SourceTitle "CBM 129 Extra"]
[Source "ChessBase"]
[SourceDate "2009.05.05"]
[SourceVersion "2"]
[SourceVersionDate "2009.05.20"]
[SourceQuality "1"]

1. d4 Nf6 2. c4 e6 3. Nc3 c5 4. d5 exd5 5. cxd5 d6 6. e4 g6 7. h3 Bg7 8. Nf3 0-0 9. Bd3 Re8 10. 0-0 Bd7 11. a4 b6 12. Re1 Na6 13. Bf4 Nb4 14. Bxd6 Nxd3 15. Qxd3 Bxh3 16. e5 Bxg2 17. Kxg2 Ng4 18. Qc4 h5 19. Nb5 Nxe5 20. Bxe5 Bxe5 21. Nxe5 Qg5+ 22. Kf1 Rxe5 23. Rxe5 Qxe5 24. Re1 Qxb2 25. d6 Rd8 26. Re7 Qf6 27. Rxa7 h4 28. Qd5 h3 29. Ra8 Rxa8 30. Qxa8+ Kg7 31. Qd5 Qa1+ 32. Ke2 Qxa4 33. Nc3 Qc2+ 34. Qd2 Qxd2+ 35. Kxd2 h2 36. d7 h1Q 37. d8Q Qh6+ 38. Kc2 Qf4 39. Qd2 Qb4 40. Qe3 b5 41. Qe5+ Kh7 42. Qh2+ Kg7 43. Qe5+ Kh7 44. Qf6 Qc4 45. Qh4+ Kg8 46. Qxc4 bxc4 47. Nd5 Kg7 48. Kc3 f5 49. Kxc4 Kf7 50. Kxc5 Ke6 51. Kd4 g5 52. Ne3 Kf6 53. Kd5 f4 54. Ng4+ Kf5 55. f3 Kg6 56. Ke5 Kh5 57. Kf5 Kh4 58. Ne5 Kh5 59. Ke4 Kh4 60. Kf5 Kh5 61. Nf7 Kh4 62. Nxg5 Kg3 63. Ke4 Kh4 64. Kxf4 Kh5 65. Kf5 Kh6 66. f4 Kg7 67. Ke6 Kg6 68. Ne4 Kg7 69. f5 Kh7 70. f6 Kg6 71. f7 Kg7 72. f8Q+ Kg6 73. Qf6+ Kh5 74. Ng5 Kg4 75. Qf4+ Kxf4 1/2-1/2